| 000 -LEADER |
| fixed length control field |
00814cam a2200241 a 4500 |
| 020 ## - INTERNATIONAL STANDARD BOOK NUMBER |
| ISBN |
9781133365471 |
| 020 ## - INTERNATIONAL STANDARD BOOK NUMBER |
| ISBN |
1133365477 |
| 040 ## - CATALOGING SOURCE |
| Transcribing agency |
DLC |
| 082 00 - DEWEY DECIMAL CLASSIFICATION NUMBER |
| Classification number |
612 CEN 2011 A056 Or. |
| 100 1# - MAIN ENTRY--AUTHOR NAME |
| Personal name |
Amitrano, Robert J. |
| 245 10 - TITLE STATEMENT |
| Title |
Laboratory exercises in anatomy and physiology. |
| 250 ## - EDITION STATEMENT |
| Edition statement |
8th ed., update / |
| 260 ## - PUBLICATION, DISTRIBUTION, ETC. (IMPRINT) |
| Place of publication |
Belmont, CA : |
| Name of publisher |
Cengage/Brookes Cole, |
| Year of publication |
2011. |
| 300 ## - PHYSICAL DESCRIPTION |
| Number of Pages |
xvi, 702 p. : |
| Other physical details |
ill. (chiefly col.) ; |
| Dimensions |
28 cm. |
| 500 ## - GENERAL NOTE |
| General note |
Includes index. |
| 650 #0 - SUBJECT ADDED ENTRY--TOPICAL TERM |
| Topical Term |
Human physiology |
| 650 #0 - SUBJECT ADDED ENTRY--TOPICAL TERM |
| Topical Term |
Human anatomy |
| 700 1# - ADDED ENTRY--PERSONAL NAME |
| Personal name |
Tortora, Gerard J. |
| 856 42 - ELECTRONIC LOCATION AND ACCESS |
| Uniform Resource Identifier |
http://www.loc.gov/catdir/enhancements/fy1215/2011943220-d.html |
| 856 41 - ELECTRONIC LOCATION AND ACCESS |
| Uniform Resource Identifier |
http://www.loc.gov/catdir/enhancements/fy1215/2011943220-t.html |
| 856 42 - ELECTRONIC LOCATION AND ACCESS |
| Uniform Resource Identifier |
http://www.loc.gov/catdir/enhancements/fy1303/2011943220-b.html |
| 942 ## - ADDED ENTRY ELEMENTS (KOHA) |
| Koha item type |
សៀវភៅភាសាអង់គ្លេស |
| 952 ## - LOCATION AND ITEM INFORMATION (KOHA) |
| Withdrawn status [LOCAL, KOHA] |
0 |